| 000 | 00691nab a2200205 a 4500 | ||
|---|---|---|---|
| 005 | 20210223125956.0 | ||
| 008 | 991125s1985 mx 000 0 spa u | ||
| 035 | _aUPN01000145604 | ||
| 100 | 1 |
_aPorlán Ariza, Rafael, _d1953- _929580 |
|
| 222 | _aINVESTIGACION EN LA ESCUELA | ||
| 245 | _a¿Qué saben y qué deberían saber los alumnos de primaria sobre el medio : dos problemas profesionales relevantes en la formación inicial del maestro | ||
| 260 | _aSevilla, España | ||
| 300 | _a5-15 | ||
| 362 | 0 | _a2000 No. 42 | |
| 653 | 0 | _aFORMACION DE MAESTROS | |
| 653 | 0 | _aEDUCACION PRIMARIA | |
| 653 | 0 | _aPRACTICA DOCENTE | |
| 653 | 0 | _aESTRATEGIAS DE ENSEÑANZA | |
| 905 | _aArticulo | ||
| 999 |
_c117750 _d117750 |
||